[Event "HUN-chT1"]
[Site "HUN"]
[Date "1995.??.??"]
[Round "?"]
[White "Horvath, Julia"]
[Black "Bagonyai, Attila"]
[Result "1/2-1/2"]
[WhiteElo "2270"]
[BlackElo "2260"]

1.d4 Nf6 2.c4 e6 3.Nf3 c5 4.d5 exd5 5.cxd5 d6 6.Nc3 g6 7.e4 Bg7 8.Be2 O-O
9.Nd2 Ne8 10.O-O f5 11.a4 f4 12.Nc4 Nd7 13.Ra3 Ne5 14.f3 g5 15.Bd2 Nxc4 16.Bxc4 Bd4+
17.Kh1 Nf6 18.Rb3 Be5 19.Ne2 Nd7 20.a5 Bg7 21.Nc1 Ne5 22.Be2 Ng6 23.Qc2 Rb8
24.Bc3 Be5 25.Ra3 g4 26.fxg4 f3 27.Bxf3 Bxg4 28.Nd3 Bxc3 29.bxc3 c4 30.Nb4 Ne5
31.Raa1 Qh4 32.Qe2 Kh8 33.Nc2 Bd7 34.Nd4 Rbe8 35.Rac1 Rf6 36.g3 Qh3 37.Bg2 Qh6
38.Rxf6 Qxf6 39.Rf1 Qg6 40.Qf2 Kg8 41.Qf6 Qxf6 42.Rxf6 Nf7 43.Rf2 b5 44.axb6 axb6
45.Ra2 Ng5 46.Ra7 Bg4 47.Rb7 Nxe4 48.Bxe4 Rxe4 49.Rxb6 Bh3 50.Kg1 Re3 51.Rxd6 Rxc3
52.Rc6 Rd3 53.Rxc4 Rd2 54.Ne6 Rxd5 55.Nf4 Rd1+ 56.Kf2 Rh1 57.Kf3 Rxh2 58.g4 Bxg4+
59.Kxg4 Kf7 60.Kf5  1/2-1/2

[Event "HUN-chT2 9596"]
[Site "HUN"]
[Date "1995.??.??"]
[Round "1"]
[White "Juhasz, Bela"]
[Black "Kocsis, Janos"]
[Result "1/2-1/2"]
[WhiteElo "2205"]
[BlackElo "2290"]

1.d4 Nf6 2.c4 e6 3.Nf3 c5 4.d5 exd5 5.cxd5 d6 6.Nc3 g6 7.Nd2 Nbd7 8.e4 Bg7
9.Be2 O-O 10.O-O Re8 11.a4 a6 12.Qc2 Ne5 13.Ra3 g5 14.Re1 Rb8 15.Nf1 g4 16.a5 b5
17.axb6 Rxb6 18.Bd2 Qe7 19.Nd1 Ng6 20.Nc3 h5 21.Bd3 Ne5 22.Ne3 Rxb2 23.Qxb2 Nxd3
24.Qb6 Nxe1 25.Bxe1 Nxe4 26.Nxe4 Qxe4 27.Qxd6 Qb1 28.Kf1 Qb5+ 29.Kg1 Qb1
30.Kf1 Qb5+ 31.Kg1  1/2-1/2

[Event "HUN-chT1 9596"]
[Site "HUN"]
[Date "1995.??.??"]
[Round "2"]
[White "Sarosi, Zoltan"]
[Black "Bagonyai, Attila"]
[Result "1/2-1/2"]
[WhiteElo "2325"]
[BlackElo "2260"]

1.d4 Nf6 2.c4 c5 3.d5 e6 4.Nc3 exd5 5.cxd5 d6 6.Nf3 g6 7.Nd2 Nbd7 8.e4 Bg7
9.Be2 O-O 10.O-O Re8 11.a4 a6 12.Ra3 Rb8 13.a5 Qc7 14.Qc2 Nh5 15.Nc4 b5 16.axb6 Nxb6
17.Na5 f5 18.exf5  1/2-1/2

[Event "HUN-chT1 9596"]
[Site "HUN"]
[Date "1995.??.??"]
[Round "3"]
[White "Halasz, Tamas"]
[Black "Bagonyai, Attila"]
[Result "1-0"]
[WhiteElo "2365"]
[BlackElo "2260"]

1.d4 Nf6 2.c4 c5 3.d5 e6 4.Nc3 exd5 5.cxd5 d6 6.Nf3 g6 7.Nd2 Nbd7 8.e4 Bg7
9.Be2 O-O 10.O-O Re8 11.a4 a6 12.Re1 b6 13.Qc2 Ne5 14.Nf1 Rb8 15.f4 Ned7
16.Bd2 Qc7 17.Ne3 c4 18.Bxc4 Nc5 19.Bd3 Qe7 20.e5 dxe5 21.fxe5 Qxe5 22.Nf5 Qc7
23.Nxg7 Rxe1+ 24.Bxe1 Nxd3 25.Qxd3 Kxg7 26.Bg3 Qc5+ 27.Bf2 Qd6 28.Qd4 Rb7
29.Bg3 Qc5 30.Be5 Qxd4+ 31.Bxd4 Bf5 32.g4 Bxg4 33.Ne4 Bf3 34.Nxf6  1-0

[Event "HUN-chT1 9596"]
[Site "HUN"]
[Date "1995.??.??"]
[Round "3"]
[White "Kerek, Csaba"]
[Black "Papp, Nandor"]
[Result "1-0"]
[WhiteElo "2085"]
[BlackElo "2135"]

1.d4 Nf6 2.c4 e6 3.Nf3 c5 4.d5 exd5 5.cxd5 d6 6.Nc3 g6 7.Nd2 Bg7 8.Nc4 O-O
9.Bf4 Ne8 10.Qd2 Qe7 11.Nb5 Be5 12.Nxe5 dxe5 13.Bh6 Ng7 14.Bxg7 Kxg7 15.d6 Qf6
16.Nc7 Rd8 17.Rd1 Bf5 18.Nxa8 Na6 19.e4 Bxe4 20.Bxa6 bxa6 21.Nc7 Bxg2 22.Rg1 Bf3
23.d7 Qc6 24.Ne8+ Kg8 25.Qh6 Qe4+ 26.Kd2 Qf4+ 27.Qxf4 exf4 28.Kc3 Bxd1 29.Rxd1 Kf8
30.Nc7 Ke7 31.Nxa6 Rxd7 32.Rxd7+ Kxd7 33.Nxc5+ Kc6 34.Kd4 h6 35.Nd3 Kd6 36.Nxf4 g5
37.Ne2 f5 38.b4 f4 39.Ke4 Ke6 40.a4 h5 41.b5  1-0

[Event "Ikaros op"]
[Site "Ikarios"]
[Date "1995.??.??"]
[Round "8"]
[White "Halkias, Stelios"]
[Black "Vratonjic, Slobodan"]
[Result "0-1"]
[WhiteElo "2235"]
[BlackElo "2445"]

1.d4 Nf6 2.c4 e6 3.Nf3 c5 4.d5 exd5 5.cxd5 d6 6.Nc3 g6 7.e4 a6 8.a4 Bg4 9.Be2 Bxf3
10.Bxf3 Bg7 11.Bf4 O-O 12.O-O Qe7 13.Qb3 Nbd7 14.Qxb7 Rfb8 15.Qc6 Ne5 16.Bxe5 Qxe5
17.a5 Qe7 18.Ra2 Nd7 19.Be2 Bd4 20.Kh1 Ra7 21.f4 Rab7 22.Bf3 Rxb2 23.Rxb2 Rxb2
24.Nd1 Ra2 25.Qxa6 Nf6 26.Qc8+ Kg7 27.a6 Nxe4 28.Qb7 Nf2+ 29.Nxf2 Rxf2 30.Rb1 Rb2
31.Qxb2 Bxb2 32.g3 Qe3 33.Kg2 Bd4 34.a7 Qf2+ 35.Kh3 Qa2 36.Rb7 c4 37.Be2 Bxa7
38.Bxc4 Qxc4 39.Rxa7 Qxd5  0-1

[Event "Kemerovo2"]
[Site "Kemerovo"]
[Date "1995.??.??"]
[Round "2"]
[White "Mikhailov, V."]
[Black "Tataev, Manach"]
[Result "1/2-1/2"]
[WhiteElo "2355"]
[BlackElo "2315"]

1.d4 Nf6 2.c4 c5 3.d5 e6 4.Nc3 exd5 5.cxd5 d6 6.Nf3 g6 7.Nd2 a6 8.a4 Nbd7
9.e4 Bg7 10.Be2 O-O 11.O-O Rb8 12.Kh1 Re8 13.h3 Nf8 14.f4 N6d7 15.a5 b5 16.axb6 Nxb6
17.Bd3 Nfd7 18.Nf3 Bb7 19.Re1 Ra8 20.Be3 Nf6 21.Kh2 Qc7 22.Qd2 Nfd7 23.Rad1 Rad8
24.Bf2 Rb8 25.Bg3 f6 26.Ra1 Ra8 27.Ra2 Kh8 28.Rea1 Nb8 29.Bf2 N6d7 30.Be3 Qd8
31.Rb1 Bc8 32.Qf2 Qe7 33.Bd2 Ra7 34.Nb5 Rb7 35.Na3 Nb6 36.Ba5 f5 37.exf5 Nxd5
38.Re1 Qf8 39.Be4 Rxe4 40.Rxe4 Bxf5 41.Re2 Nc6 42.Bd2 Ncb4 43.Bxb4 cxb4 44.Nc4 Bd3
45.Nxd6 Bxe2 46.Nxb7 Qxf4+ 47.Qg3 Qxg3+ 48.Kxg3 Bc4 49.b3 Bxb3 50.Rxa6 h6
51.Nc5 Bc2 52.Ra8+ Kh7 53.Rb8 Bc3 54.Rb7+ Kg8 55.Ne6 Ne3 56.Nc5 Nf5+  1/2-1/2

[Event "HUN-ROM juniors"]
[Site "Kiskunhalas"]
[Date "1995.??.??"]
[Round "?"]
[White "Kerek, Csaba"]
[Black "Parligras, Mircea"]
[Result "0-1"]
[WhiteElo "2085"]
[BlackElo "2200"]

1.d4 Nf6 2.c4 e6 3.Nf3 c5 4.d5 exd5 5.cxd5 d6 6.Nc3 g6 7.e4 Bg7 8.Bd3 O-O
9.O-O Bg4 10.h3 Bxf3 11.Qxf3 Nbd7 12.Bf4 Qe7 13.Rfe1 Ne5 14.Qe2 a6 15.a4 Nh5
16.Bh2 Qg5 17.Rf1 Nf4 18.Bxf4 Qxf4 19.g3 Qf3 20.Qxf3 Nxf3+ 21.Kg2 Nd4 22.f4 c4
23.Bb1 b5 24.Re1 b4 25.Nd1 Nb3 26.Ra2 Nd2 27.Ra1 Rfe8 28.a5 f5 29.Re2 Nxb1
30.Rxb1 Rxe4 31.Rxe4 fxe4 32.Rc1 Rc8 33.Kf2 c3 34.bxc3 bxc3 35.Rc2 Bd4+ 36.Ke2 Rc5
37.Nf2 Bxf2 38.Kxf2 Rxd5 39.Rxc3 Rxa5 40.Rc8+ Kf7 41.Rc7+ Ke6 42.Rxh7 d5
43.Rg7 Ra2+ 44.Ke3 Ra3+ 45.Kf2 d4 46.Rxg6+ Kd5 47.f5 Ra2+ 48.Kf1 e3 49.f6 d3
50.f7 Rf2+ 51.Ke1 d2+  0-1

[Event "Kurgan"]
[Site "Kurgan"]
[Date "1995.??.??"]
[Round "6"]
[White "Pospelov, Evgeny"]
[Black "Kotsur, Pavel"]
[Result "1/2-1/2"]
[WhiteElo "2385"]
[BlackElo "2415"]

1.d4 Nf6 2.c4 c5 3.d5 e6 4.Nc3 exd5 5.cxd5 d6 6.Nf3 g6 7.h3 Bg7 8.Bg5 O-O
9.e3 a6 10.a4 Qb6 11.Qc1 Nbd7 12.Be2 Re8 13.Nd2 Qc7 14.O-O h6 15.Bh4 b6 16.Bg3 Bf8
17.e4 Rb8 18.f4 c4 19.Bxc4 b5 20.axb5 axb5 21.Bd3 Nh5 22.Bh2 Nc5 23.Bb1 b4
24.Nd1 Bg7 25.Nb3 Rb5 26.Kh1 Qd8 27.Qc4 Nxb3 28.Qxb3 Rb7 29.Ra8 Bd4 30.Qc4 Bc5
31.e5 Rc7 32.e6 Ng7 33.g4 Nxe6 34.Rxc8 Qxc8 35.dxe6 Rxe6 36.Qd5 Re8 37.Bg3 Re2
38.Bxg6 Kg7 39.Bf5 Qb7 40.Qxb7 Rxb7 41.g5 Ra7 42.Bg4 Rd2 43.gxh6+ Kxh6 44.f5 Rc2
45.Bf4+ Kg7 46.f6+ Kg8 47.Re1 Ra8 48.Bf5 Rc4 49.Bg5 Rd4 50.h4 Rd5 51.Bc2 Re5
52.Rxe5 dxe5 53.Kg2 Bd4 54.Kf3 Ra2 55.Bb3 Ra1 56.Ke4 Bxb2 57.Nxb2 Rb1 58.Kd3 Rxb2
59.Kc4 Kh7 60.Kxb4 Kg6 61.Kc3 Rg2 62.Bd5 Rxg5  1/2-1/2

[Event "Litomysl op"]
[Site "Litomysl"]
[Date "1995.??.??"]
[Round "1"]
[White "Koutsin, Sergey"]
[Black "Zambor, Norbert"]
[Result "1-0"]
[WhiteElo "2455"]
[BlackElo "2155"]

1.d4 Nf6 2.c4 c5 3.d5 e6 4.Nc3 exd5 5.cxd5 d6 6.Nf3 g6 7.e4 Bg7 8.Be2 O-O
9.O-O a6 10.a4 Re8 11.Nd2 Nbd7 12.h3 g5 13.Nc4 Nxe4 14.Nxe4 Rxe4 15.Nxd6 Rd4
16.Qc2 Nb6 17.Nxc8 Rxc8 18.Be3 Rb4 19.Bg4 Rc7 20.Rad1 Bd4 21.b3 Qxd5 22.Bxd4 Rxd4
23.Rxd4 Qxd4 24.Rd1 Qe5 25.Qd2 h5 26.Bf5 Qf6 27.Qd8+ Qxd8 28.Rxd8+ Kg7 29.a5 Kf6
30.axb6 Rc6 31.Be4 Rxb6 32.Bd5 Rb4 33.Rc8 Ke5 34.Bxf7 Kd4 35.Rg8 b5 36.Rxg5 c4
37.bxc4 Rb1+ 38.Kh2 b4 39.Ra5 b3 40.Rxa6 b2 41.Rb6  1-0

[Event "SLO-ch (Women)"]
[Site "Ljubljana"]
[Date "1995.??.??"]
[Round "?"]
[White "Stumberger, Tania"]
[Black "Krmelj, Natasa"]
[Result "1-0"]
[WhiteElo "1815"]
[BlackElo "2085"]

1.d4 Nf6 2.c4 e6 3.Nf3 c5 4.d5 d6 5.Nc3 exd5 6.cxd5 g6 7.e4 Bg7 8.Bd3 O-O
9.O-O Bg4 10.h3 Bxf3 11.Qxf3 a6 12.a4 Nbd7 13.Bf4 Qc7 14.Rfe1 Nh5 15.Bh2 Ne5
16.Qe2 Nxd3 17.Qxd3 Bd4 18.Qd2 Rfe8 19.Rac1 Qd7 20.Kh1 b5 21.axb5 axb5 22.b4 Ra3
23.f3 Rea8 24.Rc2 Rb3 25.bxc5 dxc5 26.Nb1 Ra1 27.Nc3 Raa3 28.Nd1 Rd3 29.Qe2 b4
30.Ra2 Qa4 31.Rxa3 Qxa3 32.d6 c4 33.d7 Bb6 34.e5 Rxd7 35.e6 fxe6 36.Qxe6+ Rf7
37.Qxb6 c3 38.Qd8+ Kg7 39.Be5+ Nf6 40.Bxf6+ Rxf6 41.Re7+ Rf7 42.Re8 h5 43.Qd4+ Kh6
44.Rh8+ Kg5 45.h4+ Kf5 46.Ne3+ Ke6 47.Re8+  1-0

[Event "POL-chT"]
[Site "Lubniewice"]
[Date "1995.??.??"]
[Round "3"]
[White "Ziembinski, Marian"]
[Black "Cyborowski, Lukasz"]
[Result "1/2-1/2"]
[WhiteElo "2235"]
[BlackElo "2210"]

1.d4 Nf6 2.Nf3 c5 3.d5 e6 4.c4 exd5 5.cxd5 d6 6.Nc3 g6 7.e4 a6 8.a4 Bg4 9.Be2 Bxf3
10.Bxf3 Nbd7 11.O-O Bg7 12.a5 O-O 13.Re1 Rb8 14.Qc2 Qe7 15.Bd2 Rfe8 16.h3 h5
17.Ra4 Nh7 18.Be3 Nhf6 19.Be2 Kh7 20.Qd2 b5 21.axb6 Nxb6 22.Rxa6 Nxe4 23.Qd3 Nxc3
24.bxc3 Kg8 25.c4 Qb7 26.Qa3 Ra8 27.Rxa8 Qxa8 28.Qb3 Nd7 29.Qb5 Ne5 30.Rb1 Kh7
31.Bf1 Qa2 32.Qb3 Qa5 33.Qb6 Qa2 34.Rc1 Bf8 35.Qb7 Re7 36.Qc8 Bg7 37.Qb8 Qa6
38.Rb1 Rd7 39.f4 Nxc4 40.Qb3 Qa5 41.Qxc4 Re7 42.Bf2 f5 43.Bd3 Qd2 44.g3 h4
45.Qc2 Qxc2 46.Bxc2 hxg3 47.Bxg3 Re2 48.Bd1 Rd2 49.Bf3 Bd4+ 50.Kh1 Rd3 51.Rf1 c4
52.Kg2 Rd2+ 53.Kh1 Rd3 54.Kg2 Rd2+  1/2-1/2

[Event "Lyon op"]
[Site "Lyon"]
[Date "1995.??.??"]
[Round "4"]
[White "Komarov, Dimitri"]
[Black "Foisor, Ovidiu"]
[Result "1-0"]
[WhiteElo "2575"]
[BlackElo "2415"]

1.d4 Nf6 2.Nf3 e6 3.c4 c5 4.d5 d6 5.Nc3 exd5 6.cxd5 g6 7.e4 a6 8.a4 Bg4 9.Qb3 Bxf3
10.Qxb7 Bxg2 11.Bxg2 Nbd7 12.O-O Qb8 13.Qc6 Bg7 14.Bf4 Ke7 15.e5 dxe5 16.Rfe1 Rd8
17.d6+ Qxd6 18.Qxd6+ Kxd6 19.Rad1+ Ke6 20.Bg5 h6 21.Nd5 hxg5 22.Nc7+ Ke7
23.Bxa8 Rc8 24.Nd5+ Nxd5 25.Bxd5 Nb6 26.a5 Na4 27.Bb7 Rb8 28.Bxa6 Nxb2 29.Rb1 f5
30.Rec1 Kd6 31.Bc4 e4 32.a6 Ra8 33.Bb5 Kd5 34.Rc2 Nd3 35.Bc4+ Kc6 36.Rb7 Bd4
37.Bb5+ Kd5 38.Ra2 Ne5 39.a7 c4 40.Ra5 c3 41.Ba4+ Kc4 42.Bc2 g4 43.Kf1 Nf3
44.Ke2 Ng1+ 45.Kd1 Bxf2 46.Bb3+ Kd3 47.Rb8 e3 48.Rd5+ Ke4 49.Rxa8 e2+ 50.Kc2 Kf4
51.Re8 Bxa7 52.Rde5 Kf3 53.Bc4 Kg2 54.Bxe2 Kxh2 55.R5e6 g3 56.Rxg6 f4 57.Bf1 Nf3
58.Kd3 Kg1 59.Be2 Ne1+ 60.Kxc3 g2 61.Kd2 Kf2 62.Kd1 Bc5 63.Reg8 Bb4 64.Ba6 f3
65.Bb7 Bc3 66.Bxf3 Nxf3 67.Rxg2+ Ke3 68.Re2+ Kf4 69.Rf8+  1-0

[Event "Capablanca mem (Women)"]
[Site "Matanzas"]
[Date "1995.??.??"]
[Round "?"]
[White "Perez, Yosvanny"]
[Black "Hernandez, Tania"]
[Result "1-0"]
[WhiteElo "2360"]
[BlackElo "2225"]

1.d4 Nf6 2.c4 c5 3.d5 e6 4.Nc3 exd5 5.cxd5 d6 6.Nf3 g6 7.e4 Bg7 8.Bf4 a6
9.a4 Bg4 10.Be2 O-O 11.O-O Bxf3 12.Bxf3 Qe7 13.a5 Nbd7 14.Re1 Rab8 15.Qc2 Rfe8
16.h3 b5 17.axb6 Rxb6 18.Ra2 Ne5 19.Be2 Qb7 20.Rea1 Nh5 21.Bc1 c4 22.Ra4 Rc8
23.R1a2 Rb3 24.Nd1 Nd3 25.Rxc4 Rxc4 26.Qxc4 Nxb2 27.Qxa6 Qb8 28.Qc6 Rb7 29.Bxb2 Bxb2
30.Bxh5 gxh5 31.Nxb2  1-0

[Event "Capablanca mem-B"]
[Site "Matanzas"]
[Date "1995.??.??"]
[Round "2"]
[White "Rabelo Gil, Eddy"]
[Black "Armas, Jorge"]
[Result "1/2-1/2"]
[WhiteElo "2395"]
[BlackElo "2465"]

1.d4 Nf6 2.c4 e6 3.Nf3 c5 4.d5 exd5 5.cxd5 d6 6.Nc3 a6 7.a4 g6 8.h3 Bg7 9.e4 O-O
10.Bd3 Nbd7 11.Bf4 Qe7 12.O-O Ne8 13.Nd2 Ne5 14.Be2 f5 15.exf5 Bxf5 16.Bg3 Nd3
17.Bxd3 Bxd3 18.Re1 Qd8 19.Nde4 Bc4  1/2-1/2

[Event "JUG-ch sf"]
[Site "Nis"]
[Date "1995.??.??"]
[Round "?"]
[White "Tosic, Miroslav"]
[Black "Cabrilo, Goran"]
[Result "1/2-1/2"]
[WhiteElo "2420"]
[BlackElo "2465"]

1.d4 Nf6 2.c4 e6 3.Nf3 c5 4.d5 exd5 5.cxd5 d6 6.Nc3 g6 7.Bf4 a6 8.a4 Bg7
9.h3 O-O 10.e3 Nh5 11.Bh2 f5 12.Bd3 f4 13.O-O Nd7 14.Ne2 fxe3 15.fxe3 Qe7
16.Qd2 Ne5 17.Nxe5 Rxf1+ 18.Rxf1 Bxe5 19.Bxe5 Qxe5  1/2-1/2

[Event "JUG-chT"]
[Site "Nis"]
[Date "1995.??.??"]
[Round "?"]
[White "Krstic, Ranko"]
[Black "Jovanovic, Sanja"]
[Result "1/2-1/2"]
[WhiteElo "2270"]
[BlackElo "2110"]

1.d4 Nf6 2.c4 c5 3.d5 e6 4.Nc3 exd5 5.cxd5 d6 6.Nf3 g6 7.g3 Bg7 8.Bg2 O-O
9.O-O a6 10.a4 Nbd7 11.Bf4 Ne8 12.e4 Rb8 13.Qe2 Qc7 14.Rfe1 c4 15.Rac1 b5
16.axb5 axb5 17.b4 cxb3 18.Nxb5 Qb6 19.Nxd6 Nxd6 20.Rc6 Qb5 21.Bxd6 Qxe2
22.Rxe2 b2 23.Rxb2 Rxb2 24.Bxf8 Ne5 25.Rc1 Bxf8 26.Nxe5 Ba6 27.Bf1 Bb7 28.Nc4 Ra2
29.Ne3 f5 30.exf5 gxf5 31.d6 Rd2 32.Nxf5 Be4 33.Bc4+ Kh8 34.Be6 Bxf5 35.Bxf5 Bxd6
36.Kg2 Kg7 37.h4 Be5 38.g4 h6 39.Rf1 Bd4 40.Kg3 Be5+ 41.f4 Bd6 42.Re1 Ra2
43.g5 Ra4 44.gxh6+ Kf7 45.Be4 Bf8 46.h7 Kg7 47.Kf3 Ra3+ 48.Kg4 Ra4 49.Bf5 Ra8
50.Re6 Kh8 51.Be4 Rb8 52.Kg5 Rd8 53.Kg6 Rd6  1/2-1/2

[Event "Noyabrsk"]
[Site "Noyabrsk"]
[Date "1995.??.??"]
[Round "6"]
[White "Nedobora, Mikhail"]
[Black "Moskalenko, Viktor"]
[Result "1/2-1/2"]
[WhiteElo "2480"]
[BlackElo "2525"]

1.d4 Nf6 2.c4 e6 3.Nc3 c5 4.d5 exd5 5.cxd5 d6 6.Nf3 g6 7.Bg5 h6 8.Bh4 Nbd7
9.Nd2 g5 10.Bg3 Nh5 11.Nde4 Nxg3 12.Nxg3 a6 13.e3 Ne5 14.Be2 Bg7 15.Nh5 O-O
16.Nxg7 Kxg7 17.O-O g4 18.Qd2 Rg8 19.Kh1 Kh8 20.Ne4 Bf5 21.Ng3 Bh7 22.Qc3 b5
23.b4 Rc8 24.a4 a5 25.bxc5 Rxc5 26.Qd4 b4 27.f4  1/2-1/2

[Event "CRO-chT2"]
[Site "Opatija"]
[Date "1995.??.??"]
[Round "?"]
[White "Bilobrk, Franjo"]
[Black "Kober, Mladen"]
[Result "1/2-1/2"]
[WhiteElo "2315"]
[BlackElo "2330"]

1.d4 Nf6 2.c4 c5 3.d5 e6 4.Nc3 exd5 5.cxd5 d6 6.Nf3 g6 7.Nd2 Bg7 8.e4 O-O
9.Be2 Re8 10.O-O Na6 11.f3 Nc7 12.a4 b6 13.Nc4 Ba6 14.Bg5 h6 15.Be3 Bxc4
16.Bxc4 a6 17.Qd2 Kh7 18.Rab1 Nd7 19.Kh1 Rb8 20.b4 b5 21.axb5 axb5 22.Bd3 c4
23.Bc2 Ra8 24.Ne2 Ra2 25.Nd4  1/2-1/2

[Event "HUN-ch U20"]
[Site "Paks"]
[Date "1995.??.??"]
[Round "?"]
[White "Csiszar, Zoltan"]
[Black "Juhasz, Laszlo"]
[Result "1/2-1/2"]
[WhiteElo "2220"]
[BlackElo "2135"]

1.d4 Nf6 2.Nf3 c5 3.d5 e6 4.c4 exd5 5.cxd5 d6 6.Nc3 g6 7.e4 Bg7 8.h3 O-O
9.Bd3 Na6 10.O-O Nc7 11.Re1 Rb8 12.a4 a6 13.a5 b5 14.axb6 Rxb6 15.Nd2 Nb5
16.Nc4 Rb8 17.Bf4 Ne8 18.Na4 Bb7 19.Qd2 Nd4 20.Ra3 Ba8 21.Nc3 Bb7 22.Na5 Nc7
23.Nxb7 Rxb7 24.Bxa6 Rb6 25.Bc4 Qb8 26.Na4 Rb4 27.Rc1 Rd8 28.b3 Rd7 29.e5 Nxd5
30.Bxd5 dxe5 31.Nxc5 Rxd5 32.Na6 Nf3+ 33.gxf3 Rxd2 34.Nxb8 exf4 35.Nc6 Rb6
36.Ne7+ Kf8 37.Rc7 Be5 38.Rc6 Rb7 39.Nc8 Rd3 40.Nb6 Rxf3 41.Kg2 Rc3 42.Rxc3 Bxc3
43.Nd5 Be5 44.Ra4  1/2-1/2

[Event "HUN-ch U20"]
[Site "Paks"]
[Date "1995.??.??"]
[Round "?"]
[White "Lehmann, Zoltan"]
[Black "Bodo, Norbert"]
[Result "1/2-1/2"]
[WhiteElo "2340"]
[BlackElo "2280"]

1.d4 Nf6 2.c4 c5 3.d5 e6 4.Nc3 exd5 5.cxd5 d6 6.Nf3 g6 7.h3 Bg7 8.Bg5 b5
9.e3 a6 10.Bd3 O-O 11.O-O Nbd7 12.a4 c4 13.Be2 b4 14.Ne4 h6 15.Nxf6+ Nxf6
16.Bxf6 Qxf6 17.Nd4 Qg5 18.Kh1 Bb7 19.Bxc4  1/2-1/2

[Event "Pardubice op"]
[Site "Pardubice"]
[Date "1995.??.??"]
[Round "?"]
[White "Iljushin, Alexei"]
[Black "Feigin, Mihail"]
[Result "1-0"]
[WhiteElo "2340"]
[BlackElo "2460"]

1.d4 e6 2.c4 Nf6 3.Nf3 c5 4.d5 exd5 5.cxd5 d6 6.Nc3 g6 7.e4 Bg7 8.Be2 O-O
9.O-O Re8 10.Nd2 g5 11.f3 h6 12.Nc4 a6 13.a4 Bf8 14.Be3 Nbd7 15.Qd2 Ne5 16.h4 Nh5
17.hxg5 Ng3 18.Nxe5 Nxf1 19.Rxf1 dxe5 20.gxh6 Qh4 21.Bg5 Qg3 22.Bb5 Bxh6
23.Bxh6 axb5 24.axb5 Kh7 25.Bg5 Bh3 26.f4 f6 27.Bxf6 Rg8 28.fxe5 Qxg2+ 29.Qxg2 Rxg2+
30.Kh1 Rxb2 31.Rg1 Rf2 32.Rg7+ Kh6 33.Rg1 Kh7 34.Rg7+ Kh6 35.Rg1 Rf3 36.Bg7+ Kh7
37.e6 Bf1 38.Be5 Rh3+ 39.Bh2 Bc4 40.Rc1 Rh8 41.Kg2 Kg6 42.Be5 R8h5 43.e7 Kf7
44.d6 R3h4 45.Bg3 Rg4 46.Nd5 Bxb5 47.Rxc5 Bc6 48.Rxc6 Rxd5 49.Rc8 Rxe4 50.Rf8+  1-0

[Event "World op"]
[Site "Philadelphia"]
[Date "1995.??.??"]
[Round "8"]
[White "Koval, David W"]
[Black "Bjornsson, Bjorn Freyr"]
[Result "1/2-1/2"]
[WhiteElo "2245"]
[BlackElo "2225"]

1.d4 Nf6 2.c4 e6 3.Nf3 c5 4.d5 exd5 5.cxd5 d6 6.Nc3 g6 7.Bf4 Bg7 8.Qa4+ Bd7
9.Qb3 b5 10.Bxd6 Qb6 11.Be5 O-O 12.e3 c4 13.Qd1 Na6 14.Qd4  1/2-1/2

[Event "Polanica Zdroj op"]
[Site "Polanica Zdroj"]
[Date "1995.??.??"]
[Round "6"]
[White "Szymczak, Zbigniew"]
[Black "Morchat, Miroslaw"]
[Result "1-0"]
[WhiteElo "2345"]
[BlackElo "2240"]

1.d4 Nf6 2.c4 c5 3.d5 e6 4.Nc3 exd5 5.cxd5 d6 6.Nf3 g6 7.Bf4 Bg7 8.Qa4+ Bd7
9.Qb3 b5 10.Bxd6 Qb6 11.Be5 O-O 12.e3 c4 13.Qd1 b4 14.Nb1 Rc8 15.Be2 Bf5
16.O-O Nbd7 17.Bd4 Qa5 18.Nbd2 c3 19.bxc3 bxc3 20.Nc4 Qxd5 21.Bxc3 Be6 22.Nfd2 Rab8
23.Rc1 h5 24.Bd4 Rc7 25.Bf3 Qg5 26.Nd6 Rxc1 27.Qxc1 Qa5 28.Qc2 Qa6 29.N6c4 Rc8
30.Be2 Nb6 31.Rc1 h4 32.h3 Nbd5 33.Qb2 Ne8 34.Bxg7 Nxg7 35.Bf1 Qc6 36.Rb1 Nh5
37.Qd4 Qa4 38.a3 Qc2 39.Bd3 Qa4 40.Kh2 Qd7 41.Nf3 Qc7+ 42.Kg1 Rd8 43.Qe5 Qd7
44.Bf1 f6 45.Qd4 g5 46.Qb2 Qf7 47.Rd1 Rd7 48.Nd4 g4 49.Qb8+ Kg7 50.Nd6 Qg8
51.Qxg8+ Kxg8 52.Nxe6 Rxd6 53.hxg4 Rxe6 54.Bc4  1-0

[Event "Polanica Zdroj op"]
[Site "Polanica Zdroj"]
[Date "1995.??.??"]
[Round "8"]
[White "Michalski, Olaf"]
[Black "Staniszewski, Piotr"]
[Result "0-1"]
[WhiteElo "2275"]
[BlackElo "2405"]

1.d4 Nf6 2.c4 e6 3.Nf3 c5 4.d5 exd5 5.cxd5 d6 6.Nc3 g6 7.Bf4 a6 8.a4 Bg7
9.Nd2 Nh5 10.Be3 Nd7 11.g4 Nhf6 12.h3 O-O 13.Bg2 Re8 14.Bf4 Ne5 15.O-O Rb8
16.a5 b5 17.axb6 Rxb6 18.Qc2 Rb4 19.Bg3 g5 20.Ra4 h5 21.Bxe5 Rxe5 22.Nc4 Re8
23.Rxb4 cxb4 24.Ne4 Nxe4 25.Bxe4 hxg4 26.hxg4 Bxg4 27.f3 Bh3 28.Rf2 g4 29.fxg4 Qh4
30.Bh7+ Qxh7 31.Qxh7+ Kxh7 32.Rh2 Kg6 33.Rxh3 Rxe2 34.Nxd6 Bxb2 35.Nf5 Re4
36.Kf2 Rxg4 37.Ne7+ Kf6 38.Nc6 Rf4+ 39.Ke3 Bc1+ 40.Kd3 b3 41.Kc3 b2 42.Kc2 Rc4+
43.Kb1 Ra4 44.Rf3+ Kg5 45.Rb3 Ra1+ 46.Kc2 Kf5 47.Nb4 a5 48.Nd3 a4 49.Rb6 a3
50.d6 Bg5 51.d7 Rc1+  0-1

[Event "Policka op"]
[Site "Policka"]
[Date "1995.??.??"]
[Round "7"]
[White "Bagaturov, Giorgi"]
[Black "Vacek, Martin"]
[Result "1-0"]
[WhiteElo "2460"]
[BlackElo "2210"]

1.d4 Nf6 2.Nf3 c5 3.d5 e6 4.c4 exd5 5.cxd5 d6 6.Nc3 g6 7.Nd2 Bg7 8.e4 O-O
9.Be2 Nbd7 10.O-O a6 11.a4 Re8 12.f4 c4 13.Kh1 Qc7 14.e5 dxe5 15.Nxc4 e4
16.f5 Nc5 17.fxg6 fxg6 18.d6 Qc6 19.Bg5 Rf8 20.Bxf6 Rxf6 21.Rxf6 Bxf6 22.Na5 Qb6
23.Nc4 Qc6 24.Nd5 Bd8 25.Ne7+ Bxe7 26.dxe7 Be6 27.Qd8+ Qe8 28.Qd6 Qc6 29.Rf1 Kg7
30.Qe5+ Kg8 31.Nd6  1-0

[Event "Portoroz op"]
[Site "Portoroz"]
[Date "1995.??.??"]
[Round "?"]
[White "Kavsek, Milan"]
[Black "Belamaric, Goran"]
[Result "0-1"]
[WhiteElo "1860"]
[BlackElo "2160"]

1.d4 Nf6 2.Nf3 c5 3.d5 e6 4.c4 exd5 5.cxd5 d6 6.Nc3 g6 7.e4 Bg7 8.Bd3 O-O
9.Bg5 h6 10.Bh4 a6 11.a4 b6 12.O-O Re8 13.Nd2 Qc7 14.Rc1 g5 15.Bg3 Nbd7 16.Nc4 Ne5
17.Nxe5 dxe5 18.b3 Rd8 19.Qe2 Ne8 20.Nd1 Qa7 21.Ne3 Nd6 22.Qb2 f6 23.Nc4 Bf8
24.Qe2 Bd7 25.h4 Nxc4 26.Bxc4 Bd6 27.Qh5 Kg7 28.Qe2 Kh7 29.Bd3 b5 30.a5 Rdc8
31.Qa2 f5 32.exf5 Rf8 33.Qb1 Rf6 34.Kh2 Raf8  0-1

[Event "CZE Tschechien-ch"]
[Site "Prague"]
[Date "1995.??.??"]
[Round "?"]
[White "Meduna, Eduard"]
[Black "Stodola, Jaroslav"]
[Result "1-0"]
[WhiteElo "2445"]
[BlackElo "2160"]

1.d4 Nf6 2.c4 c5 3.d5 e6 4.Nc3 exd5 5.cxd5 d6 6.Nf3 g6 7.Nd2 Bg7 8.e4 O-O
9.Be2 Re8 10.O-O Na6 11.f4 Rb8 12.Kh1 Nc7 13.a4 a6 14.a5 b5 15.axb6 Rxb6
16.Nc4 Rb4 17.e5 dxe5 18.d6 Nb5 19.fxe5 Ng4 20.Bxg4 Rxc4 21.Bxc8 Rd4 22.Qf3 Qxc8
23.Nxb5 Rh4 24.Qxf7+  1-0

[Event "Rostov on Don (Women)"]
[Site "Rostov"]
[Date "1995.??.??"]
[Round "1"]
[White "Galliamova, Alisa"]
[Black "Prudnikova, Svetlana"]
[Result "1-0"]
[WhiteElo "2475"]
[BlackElo "2405"]

1.d4 Nf6 2.c4 e6 3.Nf3 c5 4.d5 d6 5.Nc3 exd5 6.cxd5 g6 7.e4 a6 8.a4 Qe7 9.Nd2 Bg7
10.Be2 O-O 11.O-O Ne8 12.Nc4 Nd7 13.Re1 g5 14.Bg4 Bf6 15.Ra3 Rb8 16.Rb3 Ng7
17.Bxd7 Bxd7 18.Rb6 Be5 19.Qb3 Bc8 20.Ne2 Nh5 21.Ng3 Nf4 22.Bd2 f6 23.Bc3 Bxc3
24.Qxc3 Rd8 25.Kf1 Ng6 26.b4 cxb4 27.Qxb4 Ne5 28.Re2 Nxc4 29.Qxc4 Bg4 30.f3 Rdc8
31.Qb4 Bd7 32.Qxd6 Qxd6 33.Rxd6 Bxa4 34.Kf2 Kf7 35.Nh5 Ke7 36.Re6+ Kd8 37.Nxf6  1-0

[Event "Rostov on Don (Women)"]
[Site "Rostov"]
[Date "1995.??.??"]
[Round "4"]
[White "Alexandria, Nana"]
[Black "Prudnikova, Svetlana"]
[Result "1-0"]
[WhiteElo "2350"]
[BlackElo "2405"]

1.d4 Nf6 2.c4 e6 3.Nf3 c5 4.d5 d6 5.Nc3 exd5 6.cxd5 g6 7.Bf4 a6 8.a4 Bg7
9.e4 Qe7 10.Nd2 Nbd7 11.Be2 O-O 12.O-O Ne5 13.Re1 Nfg4 14.Bxe5 Nxe5 15.f4 Nd7
16.Bf3 Rb8 17.Nc4 Bd4+ 18.Kh1 b5 19.axb5 axb5 20.Na5 Bf2 21.Rf1 Qh4 22.Ne2 Ra8
23.g3 Bxg3 24.Nxg3 Qxf4 25.Nc6 Rxa1 26.Qxa1 Ne5 27.Nxe5 Qxe5 28.b4 Qxa1 29.Rxa1 cxb4
30.Kg2 Kg7 31.Rb1 Kf6 32.Rxb4 Bd7 33.Ne2 Ra8 34.Nc3 h5 35.Be2 Ra3 36.Nxb5 Ra2
37.Kf2 Bg4 38.Nd4 Ke5 39.Ke3 Bxe2 40.Nxe2 Ra3+ 41.Kf2 Rh3 42.Ng1 Rxh2+ 43.Kg3 Ra2
44.Nf3+ Kf6 45.Rb6 Ke7 46.Rb7+ Ke8 47.Ng5 Ra3+ 48.Kf4 Ra1 49.Nh7  1-0

[Event "San Martin"]
[Site "San Martin"]
[Date "1995.??.??"]
[Round "1"]
[White "Sorin, Ariel"]
[Black "Ginzburg, Maximiliano"]
[Result "1/2-1/2"]
[WhiteElo "2505"]
[BlackElo "2450"]

1.d4 Nf6 2.c4 e6 3.Nf3 c5 4.d5 exd5 5.cxd5 d6 6.Nc3 g6 7.Bg5 Bg7 8.e3 O-O
9.Nd2 Na6 10.Nc4 Qe7 11.Be2 Bd7 12.a4 Nb4 13.O-O a6 14.Bf4 Ne8 15.e4 Rb8
16.Nb6 f5 17.Nxd7 Qxd7 18.exf5 gxf5 19.Re1 Nf6 20.Bf3 Rbe8 21.Re6 Rxe6 22.dxe6 Qxe6
23.Qxd6 Re8 24.Qxe6+ Rxe6 25.Bxb7 Rb6 26.Bc8 Nfd5 27.a5 Rg6 28.Bd2 Ne7 29.Bb7 Nec6
30.Bxc6 Nxc6 31.Na4 Nd4 32.Bc3 Rd6 33.Re1 Nb3 34.g3 Bxc3 35.bxc3 Kf7 36.Re5 Kf6
37.f4 c4 38.Nb2 Nd2 39.Rc5 Nf3+ 40.Kf2 Nxh2 41.Nxc4 Ng4+ 42.Ke2 Re6+ 43.Kd3 Nf2+
44.Kd4 Ne4 45.Rc7 Nxg3 46.Rxh7 Ne2+  1/2-1/2